000 00326 a2200157 4500
001 59824
020 _a9783401053691
040 _cAnchieta - Pituba
100 _aAbedi, Isabel
240 1 0 _aWhisper
_lpor
245 1 0 _aWhisper
300 _a275
362 0 _a2006
650 4 _aLiteratura juvenil em alemão
942 _cBK
999 _c59824
_d59824